Trends in Cyber Risks Insurance
Preskúmanie dostupných ciest na zmiernenie kybernetických rizík prostredníctvom poistenia kybernetických rizík. Vymedzenie rôznych kategórií kybernetických hrozieb s využitím navrhovanej metodológie od Európskej agentúry pre kybernetickú bezpečnosť. Zdôrazňovanie rastúceho významu kybernetickej bezp...
Saved in:
| Main Author: | |
|---|---|
| Other Authors: | |
| Format: | Book Chapter |
| Language: | English |
| Subjects: | |
| Tags: |
No Tags, Be the first to tag this record!
|
MARC
| LEADER | 00000naa$a2200000$$$4500 | ||
|---|---|---|---|
| 001 | 0296129 | ||
| 005 | 20240502074508.5 | ||
| 041 | 0 | |a eng | |
| 044 | |a SK | ||
| 245 | 1 | 0 | |a Trends in Cyber Risks Insurance |c Filip Stovíček, Patrícia Teplanová |
| 520 | |a Preskúmanie dostupných ciest na zmiernenie kybernetických rizík prostredníctvom poistenia kybernetických rizík. Vymedzenie rôznych kategórií kybernetických hrozieb s využitím navrhovanej metodológie od Európskej agentúry pre kybernetickú bezpečnosť. Zdôrazňovanie rastúceho významu kybernetickej bezpečnosti, ako základu prekvitajúcej digitálnej ekonomiky. | ||
| 610 | 2 | 0 | |a riziko |
| 610 | 2 | 0 | |a riziko bezpečnostné |
| 610 | 2 | 0 | |a poistenie |
| 610 | 2 | 0 | |a poistenie kybernetických rizík |
| 610 | 2 | 0 | |a bezpečnosť |
| 610 | 2 | 0 | |a bezpečnosť kybernetická |
| 100 | 1 | |a Stovíček, Filip, 1998- | |
| 700 | 1 | |a Teplanová, Patrícia, 1998- | |